000 00495nam a22001697a 4500
003 PILC
005 20151005095731.0
008 151005b xxu||||| |||| 00| 0 eng d
020 _a9789351155584
050 _aTK 5105.875.I6
_b.C271 2015
245 _aCareer guide :
_bsoftware designer /
260 _b3Gelearning,
_c2015.
300 _a32 pages :
_billustrations;
_c24 cm. +
_e1 DVD.
500 _aIncludes bibliographical references.
650 _aSoftware designer.
942 _2lcc
_cBK
_kFOR
999 _c288800
_d288800